000 00851nam a22002537a 4500
001 40413
003 UA-OsUOA
005 20191218104619.0
007 ta
008 20080611b un ||||| |||| 00| 0 ukr d
040 _aUA-OsUOA
_bukr
_cUA-OsUOA
_dUA-OsUOA
041 _aukr
080 _a82-94Щод.
090 _a82-94Щод.
_bС59
100 _aСоккур Є.
245 _aВід Москви до Дніпра: щоденник вояка московського "народного ополчения"
_cСоккур Євген
260 _aТоронто
_c1958
300 _a194 с.
650 7 _2UDC
_a9 Географія. Біографії. Історія
942 _cBK
_2udc
955 _a4
999 _c438919
_d438919